01462cam a2200289 a 450000100100000000500170001000800410002704000250006808200140009324501210010726000460022830000260027444000900030050000220039060000540041260000600046665100540052665000610058065000510064170000680069270000740076070000400083474000760087483000900095095201170104099900150115700000663220200929153948.0910530m19901993ck ac 001 0cspa  aDO-SdBNPbspadBNPHU axxxxbE6400aEpistolario de Angel y Rufino Jose Cuervo con colombianos /cedicion, presentacion y notas de Angelina Araujo Velez. aBogota :bInstituto Caro y Cuervo,c1990. a2 v. :bil. ;c24 cm.10aPublicaciones del Instituto Caro y Cuervo.pArchivo epistolar colombiano ;v21918409 aIncluye índice.10aCuervo, Angel,d1838-1896xCorrespondence.91841010aCuervo, Rufino Jose,d1844-1911xCorrespondence.918411 0aColombiaxIntellectual Lifey19th century.918412 0aAuthors, colombiany19th centuryxCorrespondence.918413 0aPhilologistszColombiaxCorrespondence.91841412aCuervo, Angel,d1838-1896.tCorrespondence.kSelections.91841512aCuervo, Rufino Jose,d1844-1911.tCorrespondence.kSelections.9184161 aAraujo Velez, Angelina,eed.9184170 aEpistolario de Rufino J. y Angel Cuervo con corresponsales colombianos. 0aPublicaciones del Instituto Caro y Cuervo.pArchivo epistolar colombiano ;v21918409 001052708MOaGRbGRcCTd2009-09-01iLF1l0oxxxx E64p6632-10r2020-06-25w2020-06-25y2ZPréstamo interno c6422d6422